| 000 | 00730nam a2200265Ia 4500 | ||
|---|---|---|---|
| 008 | 160803s9999 xx 000 0 und d | ||
| 020 | _a9780439626521 | ||
| 100 | _aMcMullan, K.H | ||
| 245 | 4 | _aThe new kid at school / | |
| 245 | _cby Kate McMullan ; illustrated by Bill Basso. | ||
| 260 | _aNew York : | ||
| 260 | _bScholastic Inc. | ||
| 260 | _c2003 | ||
| 300 | _a109 pages : | ||
| 300 | _billustrations ; | ||
| 300 | _c20 cm. | ||
| 500 | _aOriginally published: New York : Grosset & Dunlap, ©1997. | ||
| 650 | _aDragons -- | ||
| 650 | _aFirst day of school -- | ||
| 650 | _aSchools -- | ||
| 650 | _xJuvenile fiction. | ||
| 650 | _xJuvenile fiction. | ||
| 650 | _xJuvenile fiction. | ||
| 700 | _a500 | ||
| 999 |
_c298810 _d298810 |
||